000 00262nam a22001217a 4500
008 170714b xxu||||| |||| 00| 0 eng d
041 _aeng
080 _a82
100 _a23
101 _aGJL
245 _aFLORILEGIUM VOLUMBIANUM
_cSELIG, K.L
942 _2udc
_cBK
999 _c20807
_d20807